000 00309nam a22001217a 4500
008 190314b xxu||||| |||| 00| 0 eng d
041 _aeng
080 _a043.3
100 _a0
101 _aINI-BA
245 _aRoli dhe rendesia e mbrojtjes ne pune ne Sektorin e Ndertimtarisr
_cHajrizi, R
942 _2udc
_cBK
999 _c54809
_d54809